|
|
|
|
| LEADER |
01186nam a2200361 4500 |
| 001 |
DLU090092707 |
| 005 |
##20091201 |
| 040 |
# |
# |
|a DLU
|b eng
|
| 041 |
# |
# |
|a eng
|
| 044 |
# |
# |
|a us
|
| 245 |
# |
# |
|a Development and application of a monoclonal-antibody technique for counting aureococcus anophagefferens, an alga causing recurrent brown tides in the Mid-Atlantic United States /
|c David A. Caron ... [et al.].
|
| 653 |
# |
# |
|a Algae
|
| 653 |
# |
# |
|a Aureococcus anophagefferens
|
| 653 |
# |
# |
|a Monoclonal antibody
|
| 653 |
# |
# |
|a Thallophyta
|
| 700 |
# |
# |
|a Caron, David A.
|
| 700 |
# |
# |
|a Dennett, Mark R.
|
| 700 |
# |
# |
|a Gobler, Christopher J.
|
| 700 |
# |
# |
|a Lonsdale, Darcy J.
|
| 700 |
# |
# |
|a McLean, Tim I.
|
| 700 |
# |
# |
|a Moran, Dawn M.
|
| 700 |
# |
# |
|a Nuzzi, Robert.
|
| 700 |
# |
# |
|a Schaffner, Rebecca A.
|
| 773 |
# |
# |
|t Applied and Environmental Microbiology
|g Vol. 69, no. 9 (September 2003), p. 5492-5502
|
| 920 |
# |
# |
|a Phòng Tạp chí -- Trung tâm Thông tin - Thư viện Trường Đại học Đà Lạt
|
| 994 |
# |
# |
|a DLU
|
| 900 |
# |
# |
|a True
|
| 911 |
# |
# |
|a Trương Bảo Trâm Anh
|
| 925 |
# |
# |
|a G
|
| 926 |
# |
# |
|a A
|
| 927 |
# |
# |
|a BB
|
| 980 |
# |
# |
|a Thư viện Trường Đại học Đà Lạt
|